The Dan Vestal Story: (Record no. 3935)

MARC details
000 -LEADER
fixed length control field 00614nam a22002057a 4500
003 - CONTROL NUMBER IDENTIFIER
control field GBCCL
005 - DATE AND TIME OF LATEST TRANSACTION
control field 20241126110507.0
008 - FIXED-LENGTH DATA ELEMENTS--GENERAL INFORMATION
fixed length control field 171218b xxu||||| |||| 00| 0 eng d
020 ## - INTERNATIONAL STANDARD BOOK NUMBER
International Standard Book Number 0899890091
040 ## - CATALOGING SOURCE
Transcribing agency gbc
082 ## - DEWEY DECIMAL CLASSIFICATION NUMBER
Classification number 252.6
Item number VES
100 ## - MAIN ENTRY--PERSONAL NAME
Personal name Vestal, Dan
9 (RLIN) 7699
245 ## - TITLE STATEMENT
Title The Dan Vestal Story:
Remainder of title Selected Sermons from the Dean of Southern Baptist Evangelists /
Statement of responsibility, etc. Dan Vestal
260 ## - PUBLICATION, DISTRIBUTION, ETC.
Place of publication, distribution, etc. Georgia:
Name of publisher, distributor, etc. A Cross Roads Book,
Date of publication, distribution, etc. 1979
300 ## - PHYSICAL DESCRIPTION
Extent 159 p.;
Other physical details ill.,
Dimensions 23 cm.
600 ## - SUBJECT ADDED ENTRY--PERSONAL NAME
Personal name Vestal, Dan.
9 (RLIN) 7699
650 ## - SUBJECT ADDED ENTRY--TOPICAL TERM
Topical term or geographic name entry element Sermons, American.
9 (RLIN) 270
650 ## - SUBJECT ADDED ENTRY--TOPICAL TERM
Topical term or geographic name entry element Baptists -- Sermons.
9 (RLIN) 10152
942 ## - ADDED ENTRY ELEMENTS (KOHA)
Source of classification or shelving scheme Dewey Decimal Classification
Koha item type Books
Holdings
Withdrawn status Lost status Source of classification or shelving scheme Damaged status Not for loan Home library Current Library Shelving location Date acquired Total checkouts Full call number Barcode Date last seen Copy number Price effective from Koha item type
    Dewey Decimal Classification     GRACE BIBLE COLLEGE GRACE BIBLE COLLEGE Ministry & Mission 2017-12-18   252.6 VES 002519 2025-05-01 c.1 2017-12-18 Books
© Grace Bible College Library 2025